| 000 | 00371nam a22001457a 4500 | ||
|---|---|---|---|
| 020 | _qHB. | ||
| 040 | _cFIZZA ISHAQ | ||
| 082 |
_a004.607 _bPAB |
||
| 100 |
_a MARINO, PAVON PABLO. _986837 |
||
| 245 |
_aOPTIMIZATIO COMPUTER NETWORKING / _c PABLO PAVON MARINO. |
||
| 250 | _a3rd ED. | ||
| 260 |
_aNEW DEHLI : _bPEARSON, _c2015. |
||
| 300 | _a1054 P. ; | ||
| 942 |
_2ddc _cBK |
||
| 999 |
_c587425 _d587425 |
||